000 00469nam a2200169Ia 4500
999 _c28777
_d28777
003 OSt
005 20201208100836.0
008 190216s9999||||xx |||||||||||||| ||und||
040 _coclc
082 _a894.812
_bARA/V
100 _aAravindakshan, A
_97275
245 0 _aVayana /
_cA Aravindakshan
260 _bLipi Publication,
_aCalicut:
_c2005.
300 _a98p
650 _aVimarshanam
942 _cBK
_2ddc
_h894.812
_iARA/V
_k894.812
_mARA/V